000 00388nam a2200145Ia 4500
008 231129s2008||||xx |||||||||||||| ||spa||
020 _a978-958-44-2837-0
040 _bspa
082 _aCo863.6 S231n
100 _aSantamarí­a Germán
245 0 _aNo morirás
260 _c2008
264 _aBogota Colombia : Pijao Editores
942 _2ddc
_cBKS
999 _c21712
_d21712